[Event "Bayerische EM (allgemein)"]
[Site "Bad Königshofen"]
[Date "2010.08.23"]
[Round "2.7"]
[White "Shashkin, Igor"]
[Black "Reich, Thomas"]
[Result "0-1"]
[WhiteElo "2086"]
[BlackElo "2350"]
[PlyCount "116"]
[EventDate "2010.??.??"]
[WhiteTeam "PTSV SK Hof 1892"]
[BlackTeam "FC Bayern München e.V."]

1. e4 c5 2. Nf3 g6 3. d4 cxd4 4. Nxd4 Bg7 5. c4 Nc6 6. Be3 Nf6 7. Nc3 O-O 8.
Be2 b6 9. O-O Bb7 10. f3 Qb8 11. Qd2 Rd8 12. Rfd1 d6 13. Nd5 Rd7 14. Nxc6 Bxc6
15. Bd4 e5 16. Be3 Qf8 17. a4 Rb8 18. Nb4 Bb7 19. a5 Nh5 20. axb6 axb6 21. Ra7
Qc8 22. Bxb6 Bxe4 23. fxe4 Rxb6 24. Rxd7 Qxd7 25. c5 Rb8 26. Na6 Ra8 27. Qxd6
Qa4 28. Bxh5 Rxa6 29. Qb8+ Bf8 30. Rd8 Kg7 31. Qxe5+ Rf6 32. Bf3 Qb4 33. Rd1
Qxc5+ 34. Kh1 Bd6 35. Qc3 Qb5 36. b3 Be5 37. Qd3 Qb8 38. g3 h5 39. Kg2 Rc6 40.
Rb1 Rc3 41. Qd5 Rc2+ 42. Kf1 Rxh2 43. Rd1 Bxg3 44. Rd2 Rxd2 45. Qxd2 Qxb3 46.
Qd4+ Kh7 47. Be2 Qe6 48. Bc4 Qh3+ 49. Ke2 Qg4+ 50. Kd2 Qf4+ 51. Kd1 Kg8 52. Qd5
Qd6 53. Ke2 Qxd5 54. Bxd5 Kg7 55. Kf3 Be5 56. Bc6 f6 57. Be8 Kh6 58. Bf7 g5 0-1

[Event "Bayerische EM (allgemein)"]
[Site "Bad Königshofen"]
[Date "2010.08.23"]
[Round "2.8"]
[White "Zill, Christoph"]
[Black "Jussupow, Alexander"]
[Result "1-0"]
[WhiteElo "2252"]
[BlackElo "2112"]
[PlyCount "43"]
[EventDate "2010.??.??"]
[WhiteTeam "SK Freising"]
[BlackTeam "SK Krumbach"]

1. e4 e6 2. d4 d5 3. Nc3 Bb4 4. e5 c5 5. a3 Bxc3+ 6. bxc3 Ne7 7. Qg4 Kf8 8. Bd2
Qb6 9. dxc5 Qb2 10. Qd1 Nbc6 11. f4 Na5 12. Nf3 Bd7 13. Bd3 Ba4 14. O-O Nc4 15.
Nd4 Nc6 16. Rb1 Qxa3 17. Ra1 Qxc5 18. Rxa4 Nb2 19. Qa1 Nxa4 20. Qxa4 g6 21. Rb1
Rb8 22. Rb5 1-0

[Event "Bayerische EM (allgemein)"]
[Site "Bad Königshofen"]
[Date "2010.08.23"]
[Round "2.9"]
[White "Maugg, Ludwig"]
[Black "Heimrath, Reiner"]
[Result "0-1"]
[WhiteElo "2099"]
[BlackElo "2231"]
[PlyCount "48"]
[EventDate "2010.??.??"]
[WhiteTeam "SC Sonthofen"]
[BlackTeam "SC Noris-Tarrasch Nürnberg 1873"]

1. d4 Nf6 2. c4 d6 3. Nc3 Nbd7 4. Nf3 e5 5. Bg5 Be7 6. e3 O-O 7. Qc2 c6 8. Bd3
h6 9. Bh4 Re8 10. O-O-O Qa5 11. g4 Nxg4 12. Bxe7 Rxe7 13. Rhg1 Ngf6 14. Rg2 Ne8
15. Nh4 Ndf6 16. Kb1 b5 17. cxb5 cxb5 18. Nf5 Bxf5 19. Bxf5 Rc7 20. dxe5 dxe5
21. Qb3 b4 22. Nd5 Nxd5 23. Rxd5 Qa6 24. Rxe5 Qf1+ 0-1

[Event "Bayerische EM (allgemein)"]
[Site "Bad Königshofen"]
[Date "2010.08.23"]
[Round "2.10"]
[White "Schatz, Christian"]
[Black "Jussupow, Ekaterina"]
[Result "0-1"]
[WhiteElo "2189"]
[BlackElo "2174"]
[PlyCount "99"]
[EventDate "2010.??.??"]
[WhiteTeam "Schachzentrum Fürth 2002"]
[BlackTeam "SK Krumbach"]

1. c4 Nf6 2. Nc3 e6 3. e4 d5 4. e5 d4 5. exf6 dxc3 6. bxc3 Qxf6 7. d4 b6 8. Be2
Bb7 9. Bf3 Bxf3 10. Nxf3 Bd6 11. Qa4+ c6 12. O-O O-O 13. Re1 Rc8 14. Qc2 h6 15.
Ne5 Rc7 16. Re3 Bxe5 17. Rxe5 Nd7 18. Re4 Rd8 19. Bf4 Rcc8 20. Rae1 Qf5 21. Qc1
c5 22. d5 exd5 23. cxd5 Qxd5 24. Bxh6 Qh5 25. Bg5 f6 26. Bf4 Re8 27. Qe3 Rxe4
28. Qxe4 Qf7 29. h3 Nf8 30. Re2 Rd8 31. Kh2 Ng6 32. Bg3 f5 33. Qc6 f4 34. Re6
fxg3+ 35. fxg3 Nf8 36. Re4 Qd5 37. Qc7 Rd7 38. Qf4 Rf7 39. Qe3 Qxa2 40. Rf4
Rxf4 41. Qxf4 Qe6 42. Qb8 a5 43. Qa7 Qc6 44. h4 a4 45. Qa6 Nd7 46. Qc4+ Kh8 47.
Qf7 Nf6 48. Qg6 a3 49. h5 Qe8 50. Qxe8+ 0-1

[Event "Bayerische EM (allgemein)"]
[Site "Bad Königshofen"]
[Date "2010.08.23"]
[Round "2.11"]
[White "Lipok, Christoph"]
[Black "Rein, Iwan"]
[Result "1-0"]
[WhiteElo "2208"]
[BlackElo "2072"]
[PlyCount "47"]
[EventDate "2010.??.??"]
[WhiteTeam "Spgem Kötz/Ichenhausen"]
[BlackTeam "TS Bayreuth"]

1. d4 e6 2. c4 Nf6 3. Nc3 Bb4 4. Qc2 c5 5. dxc5 O-O 6. a3 Bxc3+ 7. Qxc3 Ne4 8.
Qc2 Nxc5 9. b4 Nca6 10. Bb2 Qc7 11. Nf3 f6 12. e3 d6 13. Bd3 f5 14. e4 Nd7 15.
exf5 exf5 16. Bxf5 Rxf5 17. Qxf5 Ne5 18. Qe4 Qxc4 19. Qxc4+ Nxc4 20. Bc3 Nc7
21. Nd2 Ne5 22. Bxe5 dxe5 23. O-O Bf5 24. Rfe1 1-0

[Event "Bayerische EM (allgemein)"]
[Site "Bad Königshofen"]
[Date "2010.08.23"]
[Round "2.12"]
[White "Heiduczek, Josef"]
[Black "Wilfert, André"]
[Result "1-0"]
[WhiteElo "2234"]
[BlackElo "2087"]
[PlyCount "59"]
[EventDate "2010.??.??"]
[WhiteTeam "SC Rottal"]
[BlackTeam "1.FC Marktleuthen"]

1. e4 c5 2. Nf3 e6 3. d4 cxd4 4. Nxd4 a6 5. Bd3 Nc6 6. Nxc6 bxc6 7. O-O e5 8.
Nd2 Nf6 9. Nc4 d6 10. Bd2 Nd7 11. f4 exf4 12. Bxf4 Nb6 13. Be3 Nxc4 14. Bxc4
Be6 15. Bxe6 fxe6 16. Qh5+ g6 17. Qh3 Qe7 18. e5 Bg7 19. exd6 Qd7 20. Bg5 Rf8
21. Be7 Rf5 22. Qxh7 Kf7 23. Rxf5+ exf5 24. Qh3 Rb8 25. Qd3 Rxb2 26. Re1 Qa7+
27. Kh1 Qf2 28. Qc4+ Ke8 29. Qg8+ Kd7 30. Qd8# 1-0

[Event "Bayerische EM (allgemein)"]
[Site "Bad Königshofen"]
[Date "2010.08.23"]
[Round "2.13"]
[White "Jussupow, Nadia"]
[Black "Nuber, Korbinian"]
[Result "0-1"]
[WhiteElo "2143"]
[BlackElo "2211"]
[PlyCount "80"]
[EventDate "2010.??.??"]
[WhiteTeam "SK Krumbach"]
[BlackTeam "SC Dillingen"]

1. d4 Nf6 2. Nf3 g6 3. c4 Bg7 4. Nc3 O-O 5. Bg5 c5 6. e3 cxd4 7. exd4 d5 8.
Bxf6 Bxf6 9. cxd5 Bg4 10. Be2 Qb6 11. Qb3 Qxb3 12. axb3 Bxf3 13. Bxf3 Bxd4 14.
O-O Nd7 15. Rfe1 Bc5 16. d6 Bxd6 17. Bxb7 Rab8 18. Bd5 e6 19. Rxa7 Ne5 20. Bc4
Nxc4 21. bxc4 Rxb2 22. Ne4 Be5 23. g3 f5 24. Nc5 Bd4 25. Nd3 Rd2 26. Ra3 e5 27.
Rb1 e4 28. Nf4 Rxf2 29. Ne6 Rb2+ 30. Nxd4 Rxb1+ 31. Kf2 Rc1 32. Ne6 Re8 33. Nc7
Rc8 34. Ra7 Rxc4 35. Nd5 Rf8 36. Ke3 Rf7 37. Ra8+ Kg7 38. Kf4 Rd4 39. Ke5 Rd2
40. h4 e3 0-1

[Event "Bayerische EM (allgemein)"]
[Site "Bad Königshofen"]
[Date "2010.08.23"]
[Round "2.14"]
[White "Liepold, Stefan"]
[Black "Kretschel, Klaus"]
[Result "1-0"]
[WhiteElo "2235"]
[BlackElo "2133"]
[PlyCount "79"]
[EventDate "2010.??.??"]
[WhiteTeam "SC Erlangen 48/88"]
[BlackTeam "SC Unterpfaffenhofen"]

1. e4 e5 2. Nf3 Nc6 3. Bb5 Nf6 4. O-O Nxe4 5. d4 Nd6 6. Bxc6 dxc6 7. dxe5 Nf5
8. Qxd8+ Kxd8 9. Nc3 Be7 10. h3 h5 11. Re1 Ke8 12. Bf4 Be6 13. Ng5 Nd4 14. Nxe6
fxe6 15. Rac1 g5 16. Be3 Rd8 17. Ne4 g4 18. hxg4 hxg4 19. c3 Nf5 20. Bc5 Rh6
21. Rcd1 b6 22. Bxe7 Kxe7 23. Rxd8 Kxd8 24. Rd1+ Kc8 25. g3 Rg6 26. Kg2 c5 27.
Rh1 Rh6 28. Rxh6 Nxh6 29. Nf6 c4 30. Kf1 b5 31. Ke2 c5 32. Ke3 a5 33. Kf4 b4
34. Ne4 Kd8 35. Nxc5 Ke7 36. Ne4 Nf5 37. Nd2 a4 38. Nxc4 a3 39. cxb4 axb2 40.
Nxb2 1-0

[Event "Bayerische EM (allgemein)"]
[Site "Bad Königshofen"]
[Date "2010.08.23"]
[Round "2.15"]
[White "Höfelsauer, Thomas"]
[Black "Fischer, Gerd"]
[Result "1-0"]
[WhiteElo "2186"]
[BlackElo "2091"]
[PlyCount "85"]
[EventDate "2010.??.??"]
[WhiteTeam "Schachklub München Südost e.V."]
[BlackTeam "FC Gunzenhausen 1910 e.V"]

1. e4 Nc6 2. Nf3 d6 3. d4 Nf6 4. Nc3 g6 5. Be2 Bg7 6. O-O O-O 7. h3 e5 8. Be3
Re8 9. dxe5 dxe5 10. Qxd8 Rxd8 11. Rfd1 Bd7 12. Rd2 h6 13. Rad1 a6 14. Bc4 Be6
15. Bxe6 fxe6 16. Rxd8+ Rxd8 17. Rxd8+ Nxd8 18. Nd2 Nc6 19. Na4 Nd7 20. c3 Bf8
21. b4 b5 22. Nb2 Nd8 23. Nb3 Nb7 24. Nd3 Kg7 25. Kf1 c6 26. Ke2 Bd6 27. f3 g5
28. Kd2 Bc7 29. g3 Kf6 30. Nf2 h5 31. Kd3 a5 32. bxa5 Nxa5 33. Nxa5 Bxa5 34. c4
Bd8 35. cxb5 cxb5 36. Kc3 Be7 37. Nd3 Kf7 38. Nb4 Kf6 39. Nc6 Bd6 40. Na7 b4+
41. Kc4 Nb8 42. Bc5 Ke7 43. Nc8+ 1-0

[Event "Bayerische EM (allgemein)"]
[Site "Bad Königshofen"]
[Date "2010.08.23"]
[Round "2.16"]
[White "Weigert, Wilhelm"]
[Black "Kuhn, Tobias"]
[Result "0-1"]
[WhiteElo "2024"]
[BlackElo "2213"]
[PlyCount "73"]
[EventDate "2010.??.??"]
[WhiteTeam "SK Kelheim 1920"]
[BlackTeam "SK 1982 Klingenberg/Main"]

1. c4 e5 2. g3 Nc6 3. Bg2 g6 4. Nc3 Bg7 5. Nf3 Nf6 6. Rb1 O-O 7. O-O d6 8. b4
Re8 9. b5 Nd4 10. d3 a6 11. a4 axb5 12. axb5 h6 13. Bb2 Qe7 14. Nd2 Ne6 15. Ra1
Rxa1 16. Qxa1 Nc5 17. Nd5 Nxd5 18. Bxd5 Kh7 19. Re1 f5 20. d4 exd4 21. Nf3 Be6
22. Bxd4 Bxd5 23. cxd5 Nb3 24. Qd1 Nxd4 25. Nxd4 Bf6 26. Ne6 c6 27. bxc6 bxc6
28. Nf4 g5 29. Nh5 Bc3 30. dxc6 Bxe1 31. Qxe1 Qxe2 32. Nf6+ Kg6 33. Qxe2 Rxe2
34. c7 Rc2 35. Nd5 Kf7 36. Ne3 Rc1+ 37. Kg2 0-1

[Event "Bayerische EM (allgemein)"]
[Site "Bad Königshofen"]
[Date "2010.08.23"]
[Round "2.17"]
[White "Sternheimer, Erhard"]
[Black "Maurer, Heinrich"]
[Result "0-1"]
[WhiteElo "2191"]
[BlackElo "2189"]
[PlyCount "94"]
[EventDate "2010.??.??"]
[WhiteTeam "SC Bad Königshofen 1957"]
[BlackTeam "SK Kelheim 1920"]

1. e4 d6 2. Nf3 Nf6 3. d3 g6 4. g3 Bg7 5. Bg2 O-O 6. O-O c5 7. Nbd2 Nc6 8. Nh4
e5 9. a4 Bg4 10. Nhf3 Qe7 11. Nc4 Nd4 12. Ne3 Nxf3+ 13. Bxf3 Be6 14. Nc4 Qc7
15. Qe2 b6 16. Bg2 Rae8 17. Ne3 Nd7 18. f4 exf4 19. gxf4 f5 20. exf5 Bxf5 21.
Qf3 Bd4 22. Kh1 Bxe3 23. Bxe3 Nf6 24. Rae1 d5 25. Bf2 Bg4 26. Qg3 Be2 27. Rg1
Qd6 28. f5 Ng4 29. h3 Nxf2+ 30. Qxf2 Rxf5 31. Qh4 Kg7 32. a5 b5 33. b4 Rfe5 34.
Rb1 c4 35. Qd4 R8e7 36. dxc4 Bxc4 37. Rbe1 Qf6 38. Rxe5 Qxe5 39. Qc5 Qe3 40.
Qd6 Rf7 41. Rd1 Rf2 42. Qd7+ Kh6 43. Qg4 Rf4 44. Qd7 Be2 45. Re1 Qf2 46. Rg1
Bf3 47. Qd6 Qg3 0-1

[Event "Bayerische EM (allgemein)"]
[Site "Bad Königshofen"]
[Date "2010.08.24"]
[Round "3.1"]
[White "Schmid, Roland"]
[Black "Schindler, Viktor"]
[Result "1-0"]
[WhiteElo "2140"]
[BlackElo "2139"]
[PlyCount "59"]
[EventDate "2010.??.??"]
[WhiteTeam "TSV Wacker Neutraubling"]
[BlackTeam "PTSV SK Hof 1892"]

1. d4 e6 2. c4 Nf6 3. Nf3 c5 4. d5 exd5 5. cxd5 d6 6. Nc3 g6 7. Bf4 a6 8. a4
Bg7 9. h3 O-O 10. e3 Ne8 11. Be2 Nd7 12. O-O h6 13. Nd2 f5 14. Bh2 Ne5 15. f4
Nf7 16. g4 Nf6 17. Bf3 Qb6 18. Nc4 Qd8 19. Kh1 Bd7 20. a5 Bb5 21. Nxb5 axb5 22.
Nb6 Ra7 23. gxf5 gxf5 24. Qd3 Qe8 25. Qxf5 Qxe3 26. Rae1 Qd2 27. Rg1 Qf2 28.
Rxg7+ Kxg7 29. Rg1+ Ng5 30. fxg5 1-0

[Event "Bayerische EM (allgemein)"]
[Site "Bad Königshofen"]
[Date "2010.08.24"]
[Round "3.2"]
[White "Hirn, Oskar"]
[Black "Miskevicer, Boris"]
[Result "1-0"]
[WhiteElo "2246"]
[BlackElo "2216"]
[PlyCount "125"]
[EventDate "2010.??.??"]
[WhiteTeam "SC Noris-Tarrasch Nürnberg 1873"]
[BlackTeam "SG Schwabing München Nord e.V."]

1. d4 Nf6 2. c4 e6 3. Nf3 b6 4. g3 Bb7 5. Bg2 Bb4+ 6. Nbd2 O-O 7. O-O a5 8. Qc2
Bxd2 9. Bxd2 Be4 10. Qc1 d6 11. Bc3 Nbd7 12. Rd1 Qe7 13. Qf4 Rfe8 14. Rac1 h6
15. b3 Bb7 16. Ba1 Rab8 17. Qd2 Ra8 18. a3 Ne4 19. Qc2 f5 20. d5 e5 21. Nh4 Qf6
22. Nxf5 Qxf5 23. Bxe4 Qf6 24. Rf1 Qe7 25. Bf5 Bc8 26. f4 exf4 27. Be6+ Kh8 28.
Qg6 Ne5 29. Bxe5 dxe5 30. gxf4 Bxe6 31. dxe6 exf4 32. Rxf4 Qg5+ 33. Qxg5 hxg5
34. Re4 Rad8 35. Rc3 Rd6 36. Rce3 Re7 37. Kg2 Kh7 38. Kg3 Kg6 39. Kg4 Rd1 40.
Re5 Rg1+ 41. Rg3 Rxg3+ 42. hxg3 Kf6 43. Re3 Kg6 44. b4 axb4 45. axb4 c6 46. Re5
Kf6 47. Re4 Kg6 48. Re3 Kf6 49. b5 cxb5 50. cxb5 Kg6 51. Rc3 Kf6 52. Rc6 Rb7
53. e3 Rb8 54. e4 Rb7 55. e5+ Kxe5 56. Kxg5 Kd5 57. Kf5 Kd4 58. g4 Kd5 59. g5
Kd4 60. Kg6 Kd5 61. Kh7 Ke5 62. Kg8 Kf5 63. Kf8 1-0

[Event "Bayerische EM (allgemein)"]
[Site "Bad Königshofen"]
[Date "2010.08.24"]
[Round "3.3"]
[White "Reich, Thomas"]
[Black "Kunz, Konstantin"]
[Result "1-0"]
[WhiteElo "2350"]
[BlackElo "2273"]
[PlyCount "87"]
[EventDate "2010.??.??"]
[WhiteTeam "FC Bayern München e.V."]
[BlackTeam "SC Kitzingen von 1905"]

1. d4 Nf6 2. Bf4 b6 3. e3 Bb7 4. h3 e6 5. Nf3 c5 6. c3 cxd4 7. exd4 d6 8. Nbd2
Be7 9. Bd3 O-O 10. O-O a6 11. a4 Nbd7 12. Qe2 Re8 13. Rfe1 Qc8 14. Ng5 Bf8 15.
Nge4 Qc6 16. Qf3 Qc7 17. Qg3 Nxe4 18. Nxe4 e5 19. Ng5 g6 20. Bd2 Bg7 21. dxe5
dxe5 22. Qh4 Nf6 23. Ne4 Nxe4 24. Bxe4 b5 25. Bg5 f5 26. Bxb7 Qxb7 27. Bf6 e4
28. Bxg7 Kxg7 29. Red1 Rac8 30. Rd6 Rf8 31. axb5 axb5 32. Raa6 Qc7 33. Qf4 b4
34. Qe5+ Kh6 35. Qg3 Qf7 36. h4 bxc3 37. bxc3 Rg8 38. Rf6 Qd7 39. Qg5+ Kg7 40.
Rxg6+ Kh8 41. Qf6+ Rg7 42. Rxg7 Qxg7 43. Qxf5 Qxc3 44. Re6 1-0

[Event "Bayerische EM (allgemein)"]
[Site "Bad Königshofen"]
[Date "2010.08.24"]
[Round "3.4"]
[White "Golda, Harald"]
[Black "Lipok, Christoph"]
[Result "1/2-1/2"]
[WhiteElo "2315"]
[BlackElo "2208"]
[PlyCount "80"]
[EventDate "2010.??.??"]
[WhiteTeam "Schachklub Schweinfurt 2000 e.V."]
[BlackTeam "Spgem Kötz/Ichenhausen"]

1. d4 d5 2. Nf3 Nf6 3. c4 c6 4. Nc3 dxc4 5. a4 Bf5 6. e3 e6 7. Bxc4 Bb4 8. O-O
Nbd7 9. Qe2 Bg6 10. e4 O-O 11. e5 Nd5 12. Nxd5 cxd5 13. Bd3 Bxd3 14. Qxd3 Be7
15. Bd2 Nb8 16. b4 Nc6 17. Rab1 Rc8 18. Rfc1 Qd7 19. b5 Nb8 20. g3 Rxc1+ 21.
Rxc1 Rc8 22. Rc3 h6 23. Qc2 Rxc3 24. Qxc3 a6 25. Qb2 axb5 26. axb5 Qc7 27. Bb4
Kf8 28. Qa3 Bxb4 29. Qxb4+ Ke8 30. Qb1 g6 31. Qa2 Nd7 32. Qd2 h5 33. Ng5 Nb6
34. h4 Nc4 35. Qf4 Qe7 36. Nh7 Kd8 37. Ng5 Ke8 38. Kh2 Na3 39. Qc1 Nc4 40. Qf4
Na3 1/2-1/2

[Event "Bayerische EM (allgemein)"]
[Site "Bad Königshofen"]
[Date "2010.08.24"]
[Round "3.6"]
[White "Jussupow, Ekaterina"]
[Black "Zill, Christoph"]
[Result "0-1"]
[WhiteElo "2174"]
[BlackElo "2252"]
[PlyCount "82"]
[EventDate "2010.??.??"]
[WhiteTeam "SK Krumbach"]
[BlackTeam "SK Freising"]

1. Nf3 e6 2. d4 f5 3. g3 Nf6 4. Bg2 Be7 5. O-O O-O 6. b3 d6 7. Bb2 Qe8 8. c4
Qh5 9. e3 Nbd7 10. Nc3 g5 11. Nd2 Qh6 12. e4 f4 13. Nb5 Ne8 14. e5 a6 15. exd6
cxd6 16. Nc3 Ndf6 17. Nde4 Nxe4 18. Nxe4 Nf6 19. Qd3 Bd7 20. Rae1 Rae8 21. Bc1
Bc8 22. Bd2 Rf7 23. c5 Nxe4 24. Rxe4 d5 25. Ree1 Ref8 26. f3 Bd7 27. a4 Bf6 28.
Bc3 fxg3 29. hxg3 Bd8 30. Re2 Bc7 31. Be1 Rf6 32. Qe3 Qh5 33. Bd2 Rf5 34. Be1
R8f6 35. f4 gxf4 36. gxf4 Bxf4 37. Rxf4 Rxf4 38. Qg3+ Qg6 39. Qxg6+ Rxg6 40.
Bf2 e5 41. Be3 Rf5 0-1

[Event "Bayerische EM (allgemein)"]
[Site "Bad Königshofen"]
[Date "2010.08.24"]
[Round "3.7"]
[White "Heimrath, Reiner"]
[Black "Hofstetter, Hans-Joachim"]
[Result "1/2-1/2"]
[WhiteElo "2231"]
[BlackElo "2197"]
[PlyCount "159"]
[EventDate "2010.??.??"]
[WhiteTeam "SC Noris-Tarrasch Nürnberg 1873"]
[BlackTeam "SK 1933 Bad Neustadt"]

1. e4 c6 2. d4 d5 3. Nc3 dxe4 4. Nxe4 Bf5 5. Ng3 Bg6 6. Nf3 Nd7 7. h4 h6 8. h5
Bh7 9. Bd3 Bxd3 10. Qxd3 Ngf6 11. Bd2 Qb6 12. O-O-O O-O-O 13. Nf5 Ng4 14. Qe2
e6 15. Ne3 Nxe3 16. Bxe3 Qa5 17. Kb1 Be7 18. Nd2 Nf6 19. Qf3 Qd5 20. Qh3 Nh7
21. Qg4 Rhg8 22. c4 Qf5+ 23. Qxf5 exf5 24. Nb3 b6 25. a4 Bb4 26. Rh3 Ng5 27.
Bxg5 hxg5 28. Rf3 f4 29. g3 Bd6 30. g4 f5 31. gxf5 Rgf8 32. c5 Bxc5 33. Rc1 Bd6
34. Rxc6+ Kb7 35. Rc1 g4 36. Rd3 Rxf5 37. Rg1 Rg5 38. Nd2 Rxh5 39. Rxg4 g5 40.
Ne4 Be7 41. d5 Rh1+ 42. Kc2 Re1 43. f3 Rc8+ 44. Kb3 Re3 45. Rxe3 fxe3 46. Rg2
Rf8 47. Kc4 Rxf3 48. d6 Bd8 49. Kd3 Kc6 50. Rc2+ Kd7 51. Rh2 e2+ 52. Kxe2 Rb3
53. Rh7+ Kc8 54. Rxa7 Rxb2+ 55. Kd3 g4 56. Rg7 Rb4 57. Rxg4 Rxa4 58. Rg7 b5 59.
Nc5 Rd4+ 60. Kxd4 Bf6+ 61. Kd5 Bxg7 62. Ke6 Bh6 63. d7+ Kc7 64. Na6+ Kd8 65.
Nb4 Bg5 66. Nd5 Bh4 67. Kd6 b4 68. Kc6 b3 69. Nf4 Ke7 70. Ng6+ Kd8 71. Ne5 Ke7
72. Nd3 Bg5 73. Nb2 Bh4 74. Kc7 Ke6 75. Kc6 Bd8 76. Nd3 Ke7 77. Nb2 Ke6 78. Na4
Ke7 79. Nb2 Ke6 80. Nc4 1/2-1/2

[Event "Bayerische EM (allgemein)"]
[Site "Bad Königshofen"]
[Date "2010.08.24"]
[Round "3.8"]
[White "Kleibel, Uwe"]
[Black "Lentrodt, Thomas"]
[Result "0-1"]
[WhiteElo "2001"]
[BlackElo "2340"]
[PlyCount "94"]
[EventDate "2010.??.??"]
[WhiteTeam "SC Ortenburg 1894 e.V."]
[BlackTeam "FC Bayern München e.V."]

1. d4 Nf6 2. Nf3 g6 3. Bf4 d6 4. e3 Nh5 5. Bg5 h6 6. Bh4 g5 7. Nfd2 Ng7 8. Bg3
Nf5 9. Be2 Bg7 10. Nb3 Nd7 11. c3 Nf6 12. N1d2 Nxg3 13. hxg3 Bf5 14. g4 Bg6 15.
Bf3 d5 16. Qe2 c6 17. a4 O-O 18. Nc5 Qc7 19. Nf1 Rfe8 20. Ng3 e5 21. dxe5 Rxe5
22. Nd3 Re7 23. Nf5 Bxf5 24. gxf5 c5 25. Rc1 Rae8 26. Kf1 b6 27. g4 Qd8 28. Re1
Qd7 29. Qc2 h5 30. gxh5 Qxf5 31. Kg2 g4 32. Bd1 Nxh5 33. Rh4 Nf6 34. Nf4 Qxc2
35. Bxc2 d4 36. cxd4 cxd4 37. e4 Nxe4 38. Rxg4 Nf6 39. Rxe7 Rxe7 40. Rg3 Kf8
41. Bd3 Re1 42. Ne2 Nd7 43. Bb5 Nc5 44. Rxg7 Kxg7 45. Nxd4 Re4 46. Nf5+ Kf6 47.
Nd6 Rb4 0-1

[Event "Bayerische EM (allgemein)"]
[Site "Bad Königshofen"]
[Date "2010.08.24"]
[Round "3.9"]
[White "Nuber, Korbinian"]
[Black "Höfelsauer, Thomas"]
[Result "1/2-1/2"]
[WhiteElo "2211"]
[BlackElo "2186"]
[PlyCount "107"]
[EventDate "2010.??.??"]
[WhiteTeam "SC Dillingen"]
[BlackTeam "Schachklub München Südost e.V."]

1. e4 c6 2. d4 d5 3. Nc3 dxe4 4. Nxe4 Bf5 5. Ng3 Bg6 6. Nf3 Nd7 7. h4 h6 8. Bd3
Bxd3 9. Qxd3 e6 10. Bf4 Ngf6 11. O-O-O Nd5 12. Bd2 Nb4 13. Qb3 a5 14. Ne5 a4
15. Qf3 Nxe5 16. dxe5 Qd5 17. Bxb4 Qxf3 18. gxf3 Bxb4 19. Ne4 Be7 20. h5 Rd8
21. c4 f5 22. exf6 gxf6 23. Rxd8+ Kxd8 24. Rg1 Ke8 25. a3 Kf7 26. Nc3 Ra8 27.
Rg6 Bf8 28. Ne4 f5 29. Nf6 Bg7 30. Nd7 Rd8 31. Nc5 Bf6 32. Kc2 Rd4 33. Nxb7
Rxc4+ 34. Kd3 Rd4+ 35. Ke2 Bg5 36. Nc5 Rd2+ 37. Kf1 Rxb2 38. Nxa4 Rb5 39. Nc3
Rb3 40. Ne2 Rxf3 41. Rxe6 Rxf2+ 42. Kxf2 Kxe6 43. Nd4+ Kd5 44. Nxf5 Kc4 45. Ke2
c5 46. Nd6+ Kd5 47. Nf5 Ke5 48. Ne3 Kd4 49. Nf5+ Ke5 50. Ne3 Ke4 51. Nc4 Bf4
52. a4 Kd5 53. Nb2 c4 54. Nxc4 1/2-1/2

[Event "Bayerische EM (allgemein)"]
[Site "Bad Königshofen"]
[Date "2010.08.24"]
[Round "3.10"]
[White "Kuhn, Tobias"]
[Black "Heiduczek, Josef"]
[Result "1-0"]
[WhiteElo "2213"]
[BlackElo "2234"]
[PlyCount "79"]
[EventDate "2010.??.??"]
[WhiteTeam "SK 1982 Klingenberg/Main"]
[BlackTeam "SC Rottal"]

1. e4 e5 2. Nf3 d6 3. d4 exd4 4. Nxd4 Nf6 5. Nc3 Be7 6. g3 d5 7. e5 Ng4 8. e6
Nf6 9. exf7+ Kxf7 10. Bg2 c6 11. O-O Re8 12. Bg5 Na6 13. Nce2 Bg4 14. h3 Bxe2
15. Nxe2 Nc5 16. Rc1 Ne6 17. Be3 Qa5 18. a3 Qa6 19. Qd3 Qxd3 20. cxd3 c5 21. d4
cxd4 22. Nxd4 Bc5 23. Nb5 Bxe3 24. fxe3 Red8 25. e4 dxe4 26. Bxe4 Kg8 27. Bb1
Ng5 28. Ba2+ Kh8 29. Rc7 Rd2 30. Rfc1 Nxh3+ 31. Kh1 g6 32. Be6 Rxb2 33. Nd6
Nf2+ 34. Kg1 Nd3 35. Nf7+ Kg7 36. Ne5+ Kh6 37. Nxd3 Rd2 38. Ne5 Ne4 39. Ng4+
Kg5 40. R1c5+ 1-0

[Event "Bayerische EM (allgemein)"]
[Site "Bad Königshofen"]
[Date "2010.08.24"]
[Round "3.11"]
[White "Maurer, Heinrich"]
[Black "Liepold, Stefan"]
[Result "0-1"]
[WhiteElo "2189"]
[BlackElo "2235"]
[PlyCount "77"]
[EventDate "2010.??.??"]
[WhiteTeam "SK Kelheim 1920"]
[BlackTeam "SC Erlangen 48/88"]

1. e4 c5 2. Nf3 e6 3. d4 cxd4 4. Nxd4 Nf6 5. Nc3 Nc6 6. Bc4 Qb6 7. Nb3 d6 8.
O-O a6 9. Be3 Qc7 10. Be2 b5 11. a3 Be7 12. f4 O-O 13. Bf3 Rb8 14. Qe2 Nd7 15.
Nd4 Nb6 16. Nxc6 Qxc6 17. Bd4 Bd7 18. Qf2 a5 19. Nd1 Qc7 20. Qg3 f6 21. c3 Nc4
22. Qe1 e5 23. fxe5 dxe5 24. Bf2 Be6 25. Kh1 Rfd8 26. Be3 Rd7 27. Rf2 Rbd8 28.
Re2 Bc5 29. Bxc5 Qxc5 30. Ne3 Nxe3 31. Rxe3 Bc4 32. b4 Qb6 33. Be2 Bxe2 34.
Rxe2 a4 35. h3 Qc6 36. Kh2 Qc4 37. Raa2 Rd3 38. Rac2 h6 39. Qc1 0-1

[Event "Bayerische EM (allgemein)"]
[Site "Bad Königshofen"]
[Date "2010.08.24"]
[Round "3.12"]
[White "Jussupow, Alexander"]
[Black "Brychcy, Felix"]
[Result "1-0"]
[WhiteElo "2112"]
[BlackElo "2120"]
[PlyCount "67"]
[EventDate "2010.??.??"]
[WhiteTeam "SK Krumbach"]
[BlackTeam "MSA Zugzwang 82 e.V."]

1. d4 d5 2. c4 c6 3. e3 Nf6 4. Nf3 Bf5 5. Qb3 Qc7 6. cxd5 cxd5 7. Nc3 e6 8. Bd2
Nc6 9. Rc1 Be7 10. Ne5 O-O 11. Be2 Rfc8 12. O-O Rab8 13. f3 Qd8 14. g4 Bg6 15.
h4 Nxe5 16. dxe5 Nxg4 17. fxg4 Bxh4 18. Nb5 Qg5 19. Nxa7 Rxc1 20. Rxc1 Qxe5 21.
e4 Bxe4 22. Qc3 Qg3+ 23. Qxg3 Bxg3 24. Nb5 f6 25. a4 Rd8 26. a5 d4 27. b4 d3
28. Bd1 Bc6 29. Nc3 Be5 30. Kf2 Bd4+ 31. Be3 e5 32. b5 Bxc3 33. bxc6 Bxa5 34.
cxb7 1-0

[Event "Bayerische EM (allgemein)"]
[Site "Bad Königshofen"]
[Date "2010.08.24"]
[Round "3.13"]
[White "Wilfert, André"]
[Black "Schatz, Christian"]
[Result "0-1"]
[WhiteElo "2087"]
[BlackElo "2189"]
[PlyCount "92"]
[EventDate "2010.??.??"]
[WhiteTeam "1.FC Marktleuthen"]
[BlackTeam "Schachzentrum Fürth 2002"]

1. e4 Nf6 2. e5 Nd5 3. d4 d6 4. Nf3 Bg4 5. Be2 e6 6. O-O Nc6 7. c4 Nde7 8. d5
exd5 9. Ng5 Bxe2 10. Qxe2 dxe5 11. Qf3 f6 12. Ne6 Qd7 13. cxd5 Nd4 14. Nxd4
exd4 15. Rd1 Qxd5 16. Qg4 h5 17. Qxd4 O-O-O 18. Be3 Qxd4 19. Rxd4 Rxd4 20. Bxd4
Nf5 21. Bc3 Bc5 22. Nd2 Bd4 23. Bxd4 Nxd4 24. Re1 Rd8 25. Ne4 Nf5 26. Kf1 b6
27. h3 h4 28. g4 hxg3 29. fxg3 Rd3 30. Kf2 Kd7 31. h4 a5 32. Rc1 Rd5 33. Kf3
Nd4+ 34. Ke3 c5 35. Rh1 Re5 36. Kf4 Ne2+ 37. Kf3 Rxe4 38. Rd1+ Rd4 39. Kxe2
Rxd1 40. Kxd1 Kd6 41. Ke2 b5 42. Kd3 Kd5 43. a3 c4+ 44. Ke3 Ke5 45. g4 b4 46.
g5 c3 0-1

[Event "Bayerische EM (allgemein)"]
[Site "Bad Königshofen"]
[Date "2010.08.24"]
[Round "3.14"]
[White "Rein, Iwan"]
[Black "Shashkin, Igor"]
[Result "1/2-1/2"]
[WhiteElo "2072"]
[BlackElo "2086"]
[PlyCount "67"]
[EventDate "2010.??.??"]
[WhiteTeam "TS Bayreuth"]
[BlackTeam "PTSV SK Hof 1892"]

1. d4 d5 2. Nf3 Nc6 3. Bf4 Nf6 4. e3 e6 5. Be2 Bd6 6. O-O O-O 7. Nbd2 Ne4 8.
Bxd6 cxd6 9. c4 Nxd2 10. Qxd2 dxc4 11. Bxc4 d5 12. Bd3 Bd7 13. Rac1 Rc8 14. Rc5
Qe7 15. a3 f6 16. b4 a6 17. Rfc1 Qd6 18. h3 g6 19. e4 dxe4 20. Bxe4 b6 21. R5c3
Ne7 22. Bb7 Rxc3 23. Qxc3 Nd5 24. Qd2 Bb5 25. g3 Rb8 26. Qh6 Ne7 27. Be4 Bc6
28. Qh4 Kg7 29. Bxc6 Nxc6 30. Qe4 Ne7 31. Re1 Kf7 32. Qh4 Kg7 33. Qe4 Kf7 34.
Qh4 1/2-1/2